| 000 | 00567nam a2200193Ia 4500 | ||
|---|---|---|---|
| 008 | 140626s9999 xx 000 0 und d | ||
| 100 | _aTeske, Ann. | ||
| 245 |
_aAdvanced practice nurses in Ohio community hospitals / _cAnn Teske. |
||
| 260 | _cc2012. | ||
| 300 | _a8 : 2, page 129 | ||
| 440 | _aThe Journal for Nurse Practitioners (JNP) | ||
| 521 | _aNUR | ||
| 650 | _aAdvanced practice nurses. | ||
| 650 | _aCritical access hospitals. | ||
| 650 | _aDoctor of nursing practice. | ||
| 650 | _aRural health. | ||
| 650 | _aScope of practice. | ||
| 942 | _cSE | ||
| 999 |
_c121420 _d121420 |
||